Statistiques concernant Culture Générale - Série 1060

Cliquez ici pour prendre le quiz!

Statistiques générales

  • Ce quiz a été pris 47 fois
  • Le résultat moyen est 5 sur 10

Statistiques - réponses

Question Réponse % Correct
Quel alcool utilise-t-on pour confectionner un mojito ?rhum
87%
De quelle langue provient le mot "vasistas" ?allemand
84%
Complétez le titre d'une chanson de Bourvil : "La Tactique du...gendarme
78%
Quel pays a un drapeau aux bandes verticales verte, blanche et rouge, sur lequel figure un aigle dévorant un serpent au-dessus d'un cactus ?Mexique
76%
Quelle abréviation de trois lettres désigne une communication téléphonique, payée par le destinataire après l'accord de celui-ci ? .P.C.V
64%
En 2002, quel homme politique a dit : "Je suis socialiste d'inspiration, mais le projet que je propose au pays n'est pas un projet socialiste" ?Lionel Jospin
49%
A quel célèbre écrivain doit-on le roman "L'Arrache-coeur" ?Boris Vian
31%
En 1986, selon le titre d'un tube d'Étienne Daho, quelle partie du corps est "tattoo" ?épaule
29%
Si vous visitez la ville de Samarkand, dans quel pays d'Asie centrale êtes-vous ?Ouzbékistan
29%
Quel nom a été donné à la première colonie anglaise fondée sur la côte est des États-Unis ?Virginie
2%

Distribution des résultats

Percentile par nombre de réponses

% des personnes avec chaque résultat

Votre développement - résultats

Vous n’avez pas pris ce quiz